000 00777nam a2200289Ia 4500
001 Para_6283
003 CHAP
008 220125s1965 xx 000 0 und d
010 _a205026
040 _cCHAP
090 _aPA FOLLETO 502
100 _aMacSwan, I.C.
245 _aSuggestions for peppermint wilt control /
_c by I.C. MacSwan, C.E. Horner
260 _aOregon :
_b Orengon State
300 _a2 p.
440 _aFact sheets; 93
_9170962
650 _aMenta
_x Oregon
_9170963
650 _aVerticillium alboatrum
_9118968
700 _aHorner, C.E.
_9170964
901 _aPA FOLLETO 502
902 _aA
905 _a0000001965 0000000000 00
910 _a1965
942 _cPARA
942 _cPARA
_d1
999 _c205026
_d205026